00405cam a2200157 i 4500001000800000005001700008008004100025020001900066040001800085082002200103245003800125250000800163260005400171300001200225650001000237412926820231218000056.0760421s1975 ru af 000 0 eng  a0802010203250. aDLCcDLCdDLC00a301.41/2/094722202aA New life for women in the USSR. a5th aMoscow :bNovosti Press Agency Pub. House,c1975. a160 p.: 0aWomen